Pays ayant boycotté les Jeux olympiques de 1984 à Los Angeles - Statistiques

Statistiques générales
  • Ce quiz a été pris 28 fois
  • Le résultat moyen est 9 sur 14
Statistiques - réponses
Continant Pays % Correct
Europe / Asie Union Soviétique
96%
Europe Pologne
86%
Amérique du Nord Cuba
82%
Europe Tchécoslovaquie
82%
Europe Bulgarie
79%
Europe Hongrie
75%
Asie Corée du Nord
71%
Asie Afghanistan
68%
Europe Allemagne de l'est
68%
Asie Vietnam
68%
Asie Iran
57%
Asie Laos
50%
Afrique Angola
29%
Afrique Éthiopie
25%
Aucun quiz correspondant
Distribution des résultats
% des personnes avec chaque résultat
Percentile par nombre de réponses
Votre historique - résultats
Vous n’avez pas pris ce quiz